[Event "4NCL Division 4 South"]
[Site "Telford, ENG"]
[Date "2018.02.10"]
[Round "5.99"]
[White "Tombolis, Christopher"]
[Black "Covey, Jason"]
[Result "1-0"]
[WhiteElo "1844"]
[BlackElo "1937"]
[PlyCount "101"]
[EventDate "2018.02.10"]

1. d4 e6 2. c4 Nf6 3. Nc3 Bb4 4. e3 O-O 5. Nge2 d5 6. a3 Bd6 7. c5 Be7 8. Nf4
b6 9. b4 c6 10. Nd3 Nbd7 11. Bd2 Ba6 12. b5 cxb5 13. Nb4 Bc8 14. Nc6 Qe8 15.
Nxb5 Nb8 16. Nxe7+ Qxe7 17. cxb6 Nc6 18. Rc1 Qd7 19. Nxa7 Nxa7 20. bxa7 Qxa7
21. Bb4 Re8 22. Bd3 e5 23. dxe5 Rxe5 24. O-O Bb7 25. Bc3 Re6 26. Bf5 Ra6 27.
Rb1 Ne4 28. Bxe4 dxe4 29. Bd4 Qb8 30. Qb3 Rxa3 31. Qxb7 Qe8 32. Qb5 Qxb5 33.
Rxb5 Ra2 34. Re5 Rc2 35. Rxe4 h6 36. Rg4 g6 37. h4 h5 38. Rg5 Raa2 39. Rc5 Rxc5
40. Bxc5 Ra4 41. Bd4 Kf8 42. Ra1 Rc4 43. Bf6 Ke8 44. Rd1 Rc8 45. Kh2 Ra8 46.
Kg3 Rb8 47. Kf4 Ra8 48. Kg5 Ra5+ 49. Kh6 Ra8 50. Kg7 Rb8 51. Rd8+ 1-0

[Event "4NCL Division 4 South"]
[Site "Telford, ENG"]
[Date "2018.02.10"]
[Round "5.99"]
[White "Willmoth, Harrison"]
[Black "Jamroz, Viktor"]
[Result "1-0"]
[WhiteElo "1892"]
[BlackElo "1740"]
[PlyCount "53"]
[EventDate "2018.02.10"]

1. e4 e6 2. d3 d5 3. Nd2 c5 4. g3 Nc6 5. Bg2 Be7 6. Ngf3 Nf6 7. O-O b5 8. Re1
O-O 9. e5 Nd7 10. Nf1 a5 11. h4 b4 12. Bf4 a4 13. N1h2 Ba6 14. Ng5 Qc7 15. Qh5
Bxg5 16. hxg5 b3 17. Ng4 Kh8 18. Be4 dxe4 19. Kg2 g6 20. Qh6 Rg8 21. Nf6 Rg7
22. Rh1 Nf8 23. Rh3 Ne7 24. Rah1 Nf5 25. Qxh7+ Rxh7 26. Rxh7+ Nxh7 27. Rxh7#
1-0

[Event "4NCL Division 4 South"]
[Site "Telford, ENG"]
[Date "2018.02.10"]
[Round "5.99"]
[White "Dias, Savin"]
[Black "Kesterson, Kennan"]
[Result "1-0"]
[WhiteElo "1721"]
[BlackElo "1750"]
[PlyCount "37"]
[EventDate "2018.02.10"]

1. e4 e6 2. d4 d5 3. Nc3 Bb4 4. e5 c5 5. a3 Bxc3+ 6. bxc3 Ne7 7. Qg4 O-O 8. Nf3
Nbc6 9. Bd3 Ng6 10. h4 c4 11. Bxg6 fxg6 12. h5 Qa5 13. Bd2 gxh5 14. Qxh5 h6 15.
Qg4 Ne7 16. Rxh6 Nf5 17. Rh1 Bd7 18. Qh5 Rac8 19. Ng5 1-0

[Event "4NCL Division 4 South"]
[Site "Telford, ENG"]
[Date "2018.02.10"]
[Round "5.99"]
[White "Karia, Devin"]
[Black "Maladkar, Lavanya"]
[Result "0-1"]
[WhiteElo "1750"]
[BlackElo "1549"]
[PlyCount "106"]
[EventDate "2018.02.10"]

1. d4 Nf6 2. Nf3 d5 3. Bf4 g6 4. c4 c6 5. Nc3 Bg7 6. e3 O-O 7. h3 b6 8. Be2 Na6
9. O-O e6 10. a3 Bb7 11. Rc1 Rc8 12. b4 dxc4 13. Bxc4 b5 14. Be2 Nc7 15. e4 a6
16. Qd2 c5 17. dxc5 Nxe4 18. Nxe4 Bxe4 19. Qxd8 Rfxd8 20. Rfd1 Bd5 21. Ne5 Ne8
22. c6 Bxe5 23. Bxe5 f6 24. Bb2 e5 25. a4 Nc7 26. axb5 Nxb5 27. Rc5 Nc7 28. Bc3
Rd6 29. Bc4 Rcd8 30. Bxd5+ Rxd5 31. Rcxd5 Rxd5 32. Rc1 Rd6 33. Be1 Rd8 34. f3
Kf7 35. Bf2 Ke6 36. Bc5 Rc8 37. f4 e4 38. Kf2 Nd5 39. Rc4 f5 40. Bd4 Nxf4 41.
Kf1 Kd5 42. Be3 Ne6 43. Rc1 Rxc6 44. Rd1+ Ke5 45. Rd7 Rc7 46. Bd4+ Kf4 47. Rxc7
Nxc7 48. Bc5 Nb5 49. Kf2 Ke5 50. g3 Kd5 51. h4 Kc4 52. Ke2 Nd4+ 53. Kd2 Nb3+
0-1

[Event "4NCL Division 4 South"]
[Site "Telford, ENG"]
[Date "2018.02.10"]
[Round "5.99"]
[White "Maladkar, Ritika"]
[Black "Vaidya, Raghav"]
[Result "1-0"]
[WhiteElo "1570"]
[BlackElo "1570"]
[PlyCount "69"]
[EventDate "2018.02.10"]

1. e4 c5 2. Nf3 Nc6 3. d4 cxd4 4. Nxd4 Nf6 5. Nc3 e5 6. Nxc6 bxc6 7. a3 Be7 8.
Bc4 O-O 9. Qd3 Bb7 10. O-O d5 11. exd5 cxd5 12. Ba6 Bxa6 13. Qxa6 Qb6 14. Qe2
Qe6 15. Re1 Bd6 16. Bg5 Nd7 17. Rad1 d4 18. Nb5 Bc5 19. Nc7 Qc6 20. Nxa8 Qxa8
21. c3 h6 22. Bh4 Qc6 23. cxd4 Bxd4 24. Rc1 Qe6 25. b4 f5 26. Qd2 Qb6 27. Be7
Re8 28. Bc5 Nxc5 29. bxc5 Bxc5 30. Qd5+ Kh8 31. Rxc5 Qe6 32. Rxe5 Qxd5 33.
Rxe8+ Kh7 34. Rxd5 g5 35. Rd6 1-0

[Event "4NCL Division 4 South"]
[Site "Telford, ENG"]
[Date "2018.02.10"]
[Round "5.99"]
[White "Stoyanov, Viktor"]
[Black "Habershon, Paul F"]
[Result "0-1"]
[WhiteElo "2125"]
[BlackElo "2011"]
[PlyCount "98"]
[EventDate "2018.02.10"]

1. d4 Nf6 2. Nf3 d5 3. c4 e6 4. g3 Be7 5. Bg2 O-O 6. O-O c6 7. Qc2 dxc4 8. Qxc4
Nbd7 9. Qc2 Qa5 10. Nc3 Qh5 11. Rd1 e5 12. d5 cxd5 13. Nxd5 Nxd5 14. Rxd5 Bf6
15. Be3 Nb6 16. Bxb6 axb6 17. Qc7 Be6 18. Rb5 Qg4 19. Qxb7 Qc4 20. Qxb6 Rxa2
21. Re1 Bd8 22. Nxe5 Qxe2 23. Nf3 Qxe1+ 24. Nxe1 Bxb6 25. Rxb6 Ra1 26. Rxe6
fxe6 27. Kf1 Rb1 28. Bh3 Rf6 29. b4 e5 30. f3 Rxf3+ 31. Ke2 Ra3 32. Be6+ Kf8
33. Nc2 Rc3 34. Kd2 Rc6 35. Bf5 Rh1 36. h4 g6 37. Be4 Rd6+ 38. Kc3 Rh3 39. Kc4
Rxg3 40. Kc5 Ke7 41. b5 Rc3+ 42. Kb4 Rh3 43. Kc5 Rxh4 44. Bc6 Rh3 45. Nb4 Rc3+
46. Kb6 Kd8 47. Ka7 Rcxc6 48. bxc6 Kc7 49. Ka6 Rxc6+ 0-1

[Event "4NCL Division 4 South"]
[Site "Telford, ENG"]
[Date "2018.02.10"]
[Round "5.99"]
[White "Lambourne, Dan M"]
[Black "Isaksen, Peter A"]
[Result "1-0"]
[WhiteElo "1970"]
[BlackElo "1945"]
[PlyCount "91"]
[EventDate "2018.02.10"]

1. d4 Nf6 2. Nf3 e6 3. c4 b6 4. Nc3 Bb7 5. Bg5 Be7 6. e3 O-O 7. Bd3 d5 8. cxd5
Nxd5 9. Bxe7 Qxe7 10. O-O Nd7 11. Nxd5 exd5 12. Qc2 Nf6 13. Rac1 Rac8 14. Bf5
Rb8 15. Qxc7 Qb4 16. Ne5 g6 17. Bh3 Ba6 18. Nc6 Qxb2 19. Nxb8 Bxf1 20. Rxf1
Qxa2 21. Nc6 Qc4 22. Ne7+ Kg7 23. Qxa7 b5 24. Qb7 Ne4 25. Qxd5 Qd3 26. Bd7 Nc3
27. Qg5 Ne2+ 28. Kh1 Ng3+ 29. hxg3 Qxf1+ 30. Kh2 f6 31. Nf5+ Kh8 32. Qh6 Rg8
33. Nd6 Rg7 34. Ne8 Rg8 35. Nxf6 Rg7 36. Ne8 Rg8 37. Qf4 Rxe8 38. Bxe8 Kg7 39.
Qe5+ Kh6 40. Bxb5 Qd1 41. Bd7 Qb1 42. Qe7 Qb8 43. f4 Qa8 44. g4 Qh8 45. g5+ Kh5
46. Qe6 1-0

[Event "4NCL Division 4 South"]
[Site "Telford, ENG"]
[Date "2018.02.10"]
[Round "5.99"]
[White "Kadambadi, Nikhil"]
[Black "Brown, Alan M"]
[Result "0-1"]
[WhiteElo "1922"]
[BlackElo "1962"]
[PlyCount "128"]
[EventDate "2018.02.10"]

1. e4 e6 2. d4 d5 3. e5 c5 4. c3 Qb6 5. Nf3 Nc6 6. a3 c4 7. Be2 Bd7 8. O-O Na5
9. Nbd2 Ne7 10. Re1 Nf5 11. g4 Ne7 12. Rb1 Ng6 13. Nf1 Bxa3 14. Bg5 Bf8 15. Ng3
h6 16. Be3 Be7 17. Nh5 Rg8 18. Bf1 Nf8 19. Bg2 Nb3 20. Qe2 Ba4 21. Nd2 Nxd2 22.
Qxd2 Qb3 23. Rec1 Nd7 24. g5 O-O-O 25. g6 fxg6 26. Nf4 Nf8 27. Bh3 Bd7 28. Ra1
a6 29. Bg4 Kb8 30. Bd1 Qb6 31. Rcb1 Bb5 32. b3 Qc6 33. Bf3 Rc8 34. b4 g5 35.
Ng2 Ng6 36. Qc2 Nh4 37. Nxh4 gxh4 38. Qg6 Rce8 39. Bg4 Bd8 40. Kh1 Qd7 41. f4
Rgf8 42. Rf1 Qe7 43. Rg1 Bd7 44. Bh5 Rg8 45. Ra2 Ref8 46. Bg4 Qf7 47. Qxf7 Rxf7
48. Bh5 Re7 49. Bf2 Be8 50. Bg4 g5 51. fxg5 hxg5 52. Bh3 Bg6 53. Be3 Ree8 54.
Rf2 Bh5 55. Bg4 Bxg4 56. Rxg4 Ref8 57. Kg2 Rxf2+ 58. Bxf2 Rf8 59. Be3 Rf5 60.
Kg1 Kc7 61. Rg2 Kc6 62. Rf2 Rxf2 63. Kxf2 g4 64. Bd2 Kb5 0-1

[Event "4NCL Division 4 South"]
[Site "Telford, ENG"]
[Date "2018.02.10"]
[Round "5.99"]
[White "Valentine, Brian J"]
[Black "Thornley, Oliver"]
[Result "1-0"]
[WhiteElo "1904"]
[BlackElo "1675"]
[PlyCount "139"]
[EventDate "2018.02.10"]

1. e4 c6 2. d4 d5 3. Nd2 dxe4 4. Nxe4 Bf5 5. Ng3 Bg6 6. h4 h6 7. Nf3 Nd7 8. h5
Bh7 9. Bd3 Bxd3 10. Qxd3 Qc7 11. Bd2 e6 12. O-O-O Ngf6 13. Kb1 Bd6 14. Ne4 Nxe4
15. Qxe4 Nf6 16. Qe2 O-O-O 17. c4 Rhe8 18. Bc3 c5 19. dxc5 Qxc5 20. Nd4 Qe5 21.
f3 Qg5 22. g4 a6 23. Nb3 Re7 24. c5 Bc7 25. c6 b5 26. Bb4 Ree8 27. Nc5 Nd5 28.
Nxa6 Nxb4 29. Nxb4 Qc5 30. a3 Ba5 31. Rc1 Qb6 32. Qe5 f6 33. Qc5 Kc7 34. Qxb6+
Bxb6 35. Rhd1 Be3 36. Rxd8 Rxd8 37. Re1 Bd2 38. Rxe6 Bxb4 39. axb4 Rd3 40. Re7+
Kxc6 41. Rxg7 Rxf3 42. Rg6 Rf4 43. Rxh6 Rxg4 44. Rxf6+ Kd7 45. Rf3 Rh4 46. Rf5
Rxb4 47. Kc2 Ke6 48. Rc5 Rh4 49. Rxb5 Rh3 50. h6 Kf6 51. Rb6+ Ke5 52. b4 Kd5
53. Kd2 Ke4 54. Rd6 Rb3 55. h7 Rh3 56. Rd7 Ke5 57. b5 Ke6 58. Rg7 Kf6 59. Rc7
Ke6 60. b6 Kd6 61. Rg7 Kc6 62. b7 Kb6 63. b8=Q+ Kc6 64. Qc8+ Kb6 65. Qxh3 Kc5
66. Qd7 Kc4 67. Rg6 Kb4 68. Rc6 Ka5 69. Qb7 Ka4 70. Ra6# 1-0

[Event "4NCL Division 4 South"]
[Site "Telford, ENG"]
[Date "2018.02.10"]
[Round "5.99"]
[White "Clarke, James"]
[Black "Matthews, Adrian M S"]
[Result "0-1"]
[WhiteElo "1577"]
[BlackElo "1837"]
[PlyCount "100"]
[EventDate "2018.02.10"]

1. d4 Nf6 2. c4 c5 3. d5 b5 4. cxb5 a6 5. bxa6 g6 6. g3 Bxa6 7. Bg2 d6 8. Nf3
Bg7 9. O-O O-O 10. Nc3 Nbd7 11. Re1 Qc7 12. e4 Ra7 13. Qc2 Rb8 14. b3 Ng4 15.
Bb2 Nge5 16. Rad1 Nxf3+ 17. Bxf3 c4 18. bxc4 Bxc4 19. Rc1 Ne5 20. Be2 Bxe2 21.
Qxe2 Rxb2 22. Qxb2 Nf3+ 23. Kf1 Nxe1 24. Kxe1 Rb7 25. Qd2 Qb8 26. Qc2 Rb2 27.
Qa4 Bh6 28. f4 Rxh2 29. Rc2 Rxc2 30. Qxc2 Bg7 31. a4 Qb4 32. Kd2 Bxc3+ 33. Qxc3
Qxa4 34. Qc8+ Kg7 35. Qc3+ f6 36. e5 Qa2+ 37. Ke3 dxe5 38. fxe5 Qxd5 39. exf6+
exf6 40. Qc7+ Qf7 41. Qxf7+ Kxf7 42. Kf4 h5 43. Ke4 Ke6 44. Kf4 Kd5 45. Ke3 g5
46. Kf3 Kd4 47. Kf2 Ke4 48. Kg2 g4 49. Kh2 Kf3 50. Kh1 Kxg3 0-1

[Event "4NCL Division 4 South"]
[Site "Telford, ENG"]
[Date "2018.02.10"]
[Round "5.99"]
[White "Miller, Max C"]
[Black "Saxena, Kshitij"]
[Result "0-1"]
[WhiteElo "1389"]
[BlackElo "1427"]
[PlyCount "128"]
[EventDate "2018.02.10"]

1. d4 d5 2. Nf3 Nf6 3. e3 Bf5 4. Bd3 Bg6 5. Nc3 e6 6. a3 Bd6 7. O-O Nbd7 8. Re1
Ne4 9. Nb5 Ndf6 10. Nxd6+ Qxd6 11. Ne5 O-O-O 12. f3 Ng5 13. h4 Bxd3 14. cxd3
Nd7 15. hxg5 Nxe5 16. dxe5 Qxe5 17. f4 Qf5 18. Qe2 h6 19. e4 Qg6 20. g4 f5 21.
exf5 exf5 22. gxf5 Qxf5 23. Qe6+ Qxe6 24. Rxe6 hxg5 25. fxg5 Rh3 26. Bf4 Rf8
27. Rf1 Rh4 28. Bg3 Rxf1+ 29. Kxf1 Rg4 30. Be5 Rxg5 31. d4 Kd7 32. Bf4 Rf5 33.
Rg6 Rxf4+ 34. Ke2 Rxd4 35. Rxg7+ Kc6 36. b3 Kb6 37. Ke3 Rh4 38. Rg3 c5 39. Rg6+
Kb5 40. Rg7 b6 41. Kd2 a6 42. Rg6 Rh3 43. Kc2 d4 44. Rd6 Rc3+ 45. Kb2 Re3 46.
a4+ Ka5 47. Rd5 Rc3 48. Rf5 Kb4 49. Rf6 Rxb3+ 50. Ka2 Ra3+ 51. Kb2 Rxa4 52. Rf1
Ra3 53. Rh1 Re3 54. Rh4 Re2+ 55. Ka1 Kb3 56. Rh3+ Re3 57. Rh1 d3 58. Rd1 Kc2
59. Rb1 d2 60. Ka2 d1=Q 61. Rb3 Qa1+ 62. Kxa1 Rxb3 63. Ka2 Rb1 64. Ka3 Ra1# 0-1

[Event "4NCL Division 4 South"]
[Site "Telford, ENG"]
[Date "2018.02.10"]
[Round "5.99"]
[White "Finn, Thomas"]
[Black "Jaufarally, Nadia"]
[Result "1-0"]
[WhiteElo "1930"]
[BlackElo "1817"]
[PlyCount "53"]
[EventDate "2018.02.10"]

1. Nc3 c5 2. e4 g6 3. f4 Bg7 4. Nf3 e6 5. d4 cxd4 6. Nb5 d6 7. Nbxd4 a6 8. c3
Ne7 9. Bd3 Nbc6 10. Be3 O-O 11. Qd2 f5 12. exf5 exf5 13. O-O h6 14. Rad1 Kh7
15. Rfe1 Qc7 16. Bf2 Re8 17. Re2 Bd7 18. Rde1 Nd5 19. Rxe8 19... Rxe8 $11 20.
Rxe8 Bxe8 21. Ne6 Qf7 22. Nxg7 Kxg7 23. Bc4 Nce7 24. Bb3 Qe6 25. Nd4 Qe4 26.
Bc2 Qxf4 27. Ne6+ 1-0

[Event "4NCL Division 4 South"]
[Site "Telford, ENG"]
[Date "2018.02.10"]
[Round "5.99"]
[White "Sheikh, Nasarullah"]
[Black "Bennet-Stevens, Lucy"]
[Result "0-1"]
[WhiteElo "1683"]
[BlackElo "1930"]
[PlyCount "68"]
[EventDate "2018.02.10"]

1. e4 c5 2. Nf3 e6 3. d4 cxd4 4. Nxd4 a6 5. Nc3 Qc7 6. Bd3 Nf6 7. O-O Nc6 8.
Nb3 b5 9. Be3 Bb7 10. f4 Bb4 11. Nb1 Na5 12. a3 Nxb3 13. cxb3 Bc5 14. Qc1 Bxe4
15. Bxe4 Nxe4 16. Bxc5 Qxc5+ 17. Qxc5 Nxc5 18. Rf3 Ne4 19. Rd3 d5 20. Nd2 Nxd2
21. Rxd2 Kd7 22. f5 Kd6 23. fxe6 fxe6 24. Rf1 Rhe8 25. Rf7 Re7 26. Rdf2 Rc8 27.
g4 d4 28. Rf8 Rxf8 29. Rxf8 Rc7 30. Ra8 Rc1+ 31. Kg2 Ke5 32. Rxa6 d3 33. Rb6 d2
34. Rxb5+ Kd6 0-1

[Event "4NCL Division 4 South"]
[Site "Telford, ENG"]
[Date "2018.02.10"]
[Round "5.99"]
[White "Samworth-Calvier, Juju"]
[Black "Kilcline, Declan A"]
[Result "1-0"]
[WhiteElo "1907"]
[BlackElo "1675"]
[PlyCount "101"]
[EventDate "2018.02.10"]

1. e4 e6 2. d4 d5 3. Nc3 Nf6 4. Bg5 dxe4 5. Nxe4 Be7 6. Bxf6 Bxf6 7. Nf3 O-O 8.
c3 b6 9. Bd3 Be7 10. O-O Bb7 11. Qc2 g6 12. Ne5 Nd7 13. f4 c5 14. Bb5 Bxe4 15.
Qxe4 Nf6 16. Qf3 Qc7 17. Rac1 a6 18. Bd3 b5 19. c4 Qd6 20. dxc5 Qxc5+ 21. Kh1
b4 22. b3 a5 23. g4 Qc7 24. Rcd1 a4 25. g5 Nh5 26. Be4 Rad8 27. Bc6 Bxg5 28.
Nd7 Bxf4 29. Nxf8 Rxd1 30. Rxd1 Kxf8 31. Bxa4 Bxh2 32. Rd7 Qf4 33. Qxf4 Bxf4
34. c5 Nf6 35. Rb7 Nd5 36. Bc6 Ne7 37. Bf3 h5 38. c6 h4 39. c7 Kg7 40. Rxb4
Bxc7 41. Rxh4 Nf5 42. Rc4 Be5 43. a4 g5 44. a5 Bb8 45. Rc8 Ba7 46. Ra8 Bc5 47.
a6 Nd4 48. Bd1 Kf6 49. Rb8 Ke5 50. Rb7 Nc6 51. b4 1-0

[Event "4NCL Division 4 South"]
[Site "Telford, ENG"]
[Date "2018.02.10"]
[Round "5.99"]
[White "Sheikh, Anum"]
[Black "Neale, George"]
[Result "0-1"]
[WhiteElo "1555"]
[BlackElo "1810"]
[PlyCount "48"]
[EventDate "2018.02.10"]

1. e4 e5 2. Nf3 Nf6 3. Nc3 Nc6 4. d4 exd4 5. Nxd4 Bb4 6. Nxc6 dxc6 7. Bd3 O-O
8. O-O Re8 9. Bg5 h6 10. Bh4 Qd4 11. Ne2 Qe5 12. c3 Bd6 13. f4 Bc5+ 14. Kh1 Qe6
15. f5 Qd6 16. Bg3 Qd7 17. Qc2 Ng4 18. Rf4 Ne3 19. Qd2 Nc4 20. Qc2 Nxb2 21.
Qxb2 Qxd3 22. f6 g5 23. Rff1 Rxe4 24. Nc1 Qxf1# 0-1

[Event "4NCL Division 4 South"]
[Site "Telford, ENG"]
[Date "2018.02.10"]
[Round "5.99"]
[White "Woods, Timothy J"]
[Black "Jaufarally, Mohammud"]
[Result "0-1"]
[WhiteElo "1656"]
[BlackElo "1540"]
[PlyCount "88"]
[EventDate "2018.02.10"]

1. e4 e5 2. Bc4 Bc5 3. Nf3 d6 4. c3 Nf6 5. d3 O-O 6. O-O Bg4 7. Nbd2 Nc6 8. a4
a5 9. Re1 Re8 10. Nf1 h6 11. Ng3 Ne7 12. h3 Bd7 13. Nh4 d5 14. exd5 Nexd5 15.
Qf3 c6 16. Nhf5 Bxf5 17. Nxf5 Nh7 18. h4 Kf8 19. Nxh6 Qf6 20. Qxf6 gxf6 21. Nf5
Kg8 22. Re4 Kh8 23. Nh6 f5 24. Nxf5 Nhf6 25. Re2 Ng4 26. d4 exd4 27. Rxe8+ Rxe8
28. Bd2 dxc3 29. bxc3 Nxf2 30. Kf1 Ne4 31. Rd1 Re5 32. Nd4 Nxd2+ 33. Rxd2 Nxc3
34. Nf3 Rf5 35. Rb2 b6 36. Rd2 Nxa4 37. Rd8+ Kg7 38. Rc8 Rf6 39. Bb3 Nc3 40.
Ke1 a4 41. Bc2 a3 42. Ra8 b5 43. Kd2 Bb4 44. Bd3 c5 0-1

[Event "4NCL Division 4 South"]
[Site "Telford, ENG"]
[Date "2018.02.10"]
[Round "5.99"]
[White "Kilcline, Jenny"]
[Black "Finn, Daniel"]
[Result "1-0"]
[WhiteElo "1600"]
[BlackElo "1623"]
[PlyCount "129"]
[EventDate "2018.02.10"]

1. e4 e5 2. Nf3 Nc6 3. Bc4 Bc5 4. b4 Bxb4 5. c3 Be7 6. d4 d6 7. O-O Nf6 8. Nbd2
O-O 9. Qb3 Na5 10. Qa4 Nxc4 11. Qxc4 exd4 12. cxd4 d5 13. Qd3 dxe4 14. Nxe4
Nxe4 15. Qxe4 Bf6 16. Be3 Re8 17. Qc2 Bg4 18. Ne5 Be6 19. Rac1 c6 20. Rb1 Re7
21. Rfd1 Qc8 22. Rbc1 Bd5 23. Bf4 Qe6 24. Rd2 Rae8 25. h3 h6 26. Re1 Qc8 27.
Kh1 Bh4 28. Nd3 Bxg2+ 29. Kxg2 Rxe1 30. Nxe1 Rxe1 31. d5 Re8 32. d6 Qd7 33. Qc4
Bf6 34. Rd3 Be5 35. Re3 Bxf4 36. Rxe8+ Qxe8 37. Qxf4 Qd7 38. Qe5 Kf8 39. Kg3
Qe6 40. Qc5 Ke8 41. a4 Kd7 42. Qxa7 Qxd6+ 43. Kg2 Qb4 44. a5 Qb5 45. Kg3 Kc7
46. f4 Qa6 47. Qc5 Qd3+ 48. Kg4 Qd7+ 49. Kh4 Qd6 50. Qb6+ Kc8 51. Qe3 Qd8+ 52.
Kg3 Qxa5 53. Qe8+ Qd8 54. Qxf7 Qd3+ 55. Kh4 Qd4 56. Kh5 Qd5+ 57. Kg6 Qg2+ 58.
Kh7 Qg3 59. f5 Qxh3 60. Kxg7 Qg4+ 61. Qg6 Qd4+ 62. f6 Qd7+ 63. f7 h5 64. Kg8
Qd5 65. Kh7 1-0

[Event "4NCL Division 4 South"]
[Site "Telford, ENG"]
[Date "2018.02.10"]
[Round "5.99"]
[White "Kramaley, David"]
[Black "Heard, Andrew H"]
[Result "1-0"]
[WhiteElo "1900"]
[BlackElo "1932"]
[PlyCount "157"]
[EventDate "2018.02.10"]

1. e4 Nf6 2. e5 Nd5 3. d4 d6 4. Bc4 Nb6 5. Bb3 e6 6. Nf3 N8d7 7. c3 Be7 8. Qe2
d5 9. O-O c5 10. Ne1 Qc7 11. Nd2 c4 12. Bc2 Nf8 13. g3 Bd7 14. Ng2 O-O-O 15. f4
g6 16. Nf3 h6 17. Bd2 Kb8 18. Rae1 Nh7 19. Ne3 h5 20. h3 Rdg8 21. Rf2 Ba4 22.
Bb1 Qd8 23. Nh2 Qd7 24. Ref1 Qc8 25. Rg2 Bd7 26. Rff2 Nf8 27. Kf1 Nh7 28. Ke1
Rf8 29. Rg1 Ka8 30. Nhf1 Qe8 31. g4 hxg4 32. hxg4 Rfg8 33. Rh2 Nf8 34. Rgh1
Rxh2 35. Rxh2 Bc8 36. g5 Nfd7 37. Qg2 Rh8 38. Qh1 Rxh2 39. Qxh2 Qg8 40. Ng4 Na4
41. Bc1 b5 42. Bc2 Nab6 43. Nfe3 Bb7 44. Nh6 Qf8 45. Kf2 Bc6 46. Kg3 Kb7 47.
Qe2 Kc7 48. b3 Kb7 49. b4 Qe8 50. Bd2 Bd8 51. Qh2 Be7 52. Qh3 Bd8 53. Nhg4 Qg8
54. Ng2 Nf8 55. Nh6 Qg7 56. Nh4 Be8 57. f5 Bd7 58. f6 Qh7 59. Ng2 Be8 60. Nf4
Na8 61. Nh5 Nc7 62. Ng7 Kc8 63. Qg4 Kd7 64. Qd1 a6 65. a4 Qh8 66. Qa1 Nh7 67.
axb5 axb5 68. Qa7 Qf8 69. Ng4 Kc6 70. Bf4 Bd7 71. Bd1 Bc8 72. Qa2 Ba6 73. Qh2
Qh8 74. Nh6 Kd7 75. Nxf7 Qg8 76. Bc2 Nf8 77. Nh6 Qh7 78. Nf7 Qxh2+ 79. Kxh2 1-0

[Event "4NCL Division 4 South"]
[Site "Telford, ENG"]
[Date "2018.02.10"]
[Round "5.99"]
[White "Gazes, Matthew"]
[Black "O'Byrne, Daniel"]
[Result "1-0"]
[WhiteElo "1765"]
[BlackElo "1705"]
[PlyCount "59"]
[EventDate "2018.02.10"]

1. c4 g6 2. e4 Bg7 3. Nc3 c5 4. Nf3 Nc6 5. Be2 d6 6. a3 Nf6 7. d3 O-O 8. O-O
Ng4 9. Rb1 Nge5 10. Nxe5 Bxe5 11. Bg5 Nd4 12. Nd5 f6 13. Bd2 e6 14. Ne3 f5 15.
f4 Nxe2+ 16. Qxe2 Bd4 17. Kh1 Qf6 18. b4 b6 19. Nc2 Bb2 20. e5 dxe5 21. Rxb2
exf4 22. Rb3 g5 23. Bc3 Qg6 24. Qe5 cxb4 25. axb4 Bb7 26. Nd4 Rfd8 27. Nf3 h6
28. Qh8+ Kf7 29. Ne5+ Ke7 30. Nxg6+ 1-0

[Event "4NCL Division 4 South"]
[Site "Telford, ENG"]
[Date "2018.02.10"]
[Round "5.99"]
[White "Headlong, Benjamin"]
[Black "Dovey, Andrew JW"]
[Result "1-0"]
[WhiteElo "1727"]
[BlackElo "1682"]
[PlyCount "111"]
[EventDate "2018.02.10"]

1. e4 e5 2. Nf3 Nc6 3. Bc4 Bc5 4. O-O Nf6 5. d4 Bxd4 6. Nxd4 Nxd4 7. f4 d6 8.
fxe5 dxe5 9. Bg5 Qd6 10. Bxf6 gxf6 11. c3 Be6 12. Bxe6 Nxe6 13. Qxd6 cxd6 14.
Rxf6 Ke7 15. Rf2 Rhg8 16. Na3 Rg4 17. Re1 Rag8 18. Kh1 Nf4 19. Ref1 Rxg2 20.
Rxg2 Rxg2 21. Rxf4 Rxb2 22. Rf1 Rxa2 23. Nb5 a6 24. Nc7 Re2 25. Nd5+ Kf8 26.
Nf6 h6 27. Kg1 Re3 28. Ng4 Rxe4 29. Nxh6 Rf4 30. Rxf4 exf4 31. Kf2 a5 32. Nf5
a4 33. Nd4 a3 34. Nc2 a2 35. Kf3 Kg7 36. Kxf4 Kg6 37. Kg4 f6 38. h3 b5 39. Na1
d5 40. Nb3 f5+ 41. Kf4 Kf6 42. h4 Kg6 43. h5+ Kxh5 44. Kxf5 Kh6 45. Ke5 Kg6 46.
Kxd5 Kf6 47. Kc5 Ke6 48. Kxb5 Kd7 49. c4 Kc7 50. Kc5 Kb7 51. Na1 Kc7 52. Nc2
Kb7 53. Kd6 Kc8 54. Kc6 Kb8 55. Kd7 Kb7 56. c5 1-0

[Event "4NCL Division 4 South"]
[Site "Telford, ENG"]
[Date "2018.02.10"]
[Round "5.99"]
[White "Lettington, David"]
[Black "Dray-Pearce, Tristan"]
[Result "1/2-1/2"]
[WhiteElo "1643"]
[BlackElo "1648"]
[PlyCount "62"]
[EventDate "2018.02.10"]

1. Nf3 c5 2. g3 Nc6 3. Bg2 g6 4. O-O Bg7 5. d3 Nf6 6. Nbd2 O-O 7. e4 d6 8. c3
Rb8 9. Nc4 b5 10. Ne3 a5 11. a3 b4 12. axb4 axb4 13. Bd2 Be6 14. Ng5 Bd7 15. f4
Qc8 16. Nf3 Ng4 17. Qc2 bxc3 18. bxc3 Nxe3 19. Bxe3 Nb4 20. cxb4 Bxa1 21. Rxa1
cxb4 22. Qb2 Qc3 23. Qxc3 bxc3 24. Rc1 Rfc8 25. e5 c2 26. Ne1 Rb1 27. Kf2 Bg4
28. Bf3 h5 29. Ke2 d5 30. Bxg4 hxg4 31. Kd2 Rxc1 1/2-1/2

[Event "4NCL Division 4 South"]
[Site "Telford, ENG"]
[Date "2018.02.10"]
[Round "5.99"]
[White "White, Oliver"]
[Black "Fowler, David J"]
[Result "0-1"]
[WhiteElo "1600"]
[BlackElo "1650"]
[PlyCount "96"]
[EventDate "2018.02.10"]

1. e4 e6 2. d4 d5 3. e5 c5 4. c3 Nc6 5. Nf3 Bd7 6. a3 cxd4 7. cxd4 Nge7 8. Nc3
Nf5 9. Be3 Rc8 10. Nb5 Qb6 11. Bd3 Nxe3 12. fxe3 Nxe5 13. Nxe5 Bxb5 14. O-O
Bxd3 15. Qxd3 f6 16. Ng4 Be7 17. Rf2 O-O 18. Raf1 Rc6 19. h4 f5 20. Ne5 Bxh4
21. Rf4 Bg5 22. Nd7 Qc7 23. Nxf8 Bxf4 24. Rxf4 Kxf8 25. g4 Rc1+ 26. Kg2 Qc2+
27. Qxc2 Rxc2+ 28. Rf2 Rxf2+ 29. Kxf2 fxg4 30. Kg3 h5 31. Kf4 g5+ 32. Kg3 Kf7
33. b4 Kf6 34. a4 Kf5 35. b5 b6 36. Kg2 Ke4 37. Kf2 g3+ 38. Kxg3 Kxe3 39. Kg2
Kxd4 40. a5 Ke3 41. Kh1 d4 42. Kg1 d3 43. axb6 axb6 44. Kh2 d2 45. Kh3 d1=Q 46.
Kh2 Qe2+ 47. Kh1 Kf3 48. Kg1 Qg2# 0-1

[Event "4NCL Division 4 South"]
[Site "Telford, ENG"]
[Date "2018.02.10"]
[Round "5.99"]
[White "Couchman, Andrew"]
[Black "Ashraf, Zoha"]
[Result "1/2-1/2"]
[WhiteElo "1167"]
[BlackElo "1043"]
[PlyCount "72"]
[EventDate "2018.02.10"]

1. d4 e6 2. Bf4 f5 3. e3 d5 4. Bd3 Nf6 5. Nd2 Be7 6. c3 O-O 7. Ngf3 c6 8. Ne5
Nbd7 9. Ndf3 Nxe5 10. Nxe5 Bd7 11. Qb3 b5 12. a3 Rc8 13. h3 Be8 14. O-O-O Ne4
15. Qc2 Nd6 16. Rdg1 Bf6 17. g4 Bxe5 18. Bxe5 Bg6 19. f3 Nc4 20. Bxc4 bxc4 21.
g5 f4 22. Qd2 fxe3 23. Qxe3 Qb6 24. Bd6 Qb3 25. Rg2 Rfe8 26. Rd2 Qa2 27. Rdd1
Qb1+ 28. Kd2 Qxb2+ 29. Ke1 Bd3 30. Qd2 Qxd2+ 31. Rxd2 Rcd8 32. Be5 Rf8 33. Kf2
Rf5 34. f4 Rdf8 35. Kg3 Be4 36. Re1 Rc8 1/2-1/2

[Event "4NCL Division 4 South"]
[Site "Telford, ENG"]
[Date "2018.02.10"]
[Round "5.99"]
[White "Karia, Kamlesh"]
[Black "Webster, Peter AN"]
[Result "0-1"]
[WhiteElo "1607"]
[BlackElo "2005"]
[PlyCount "88"]
[EventDate "2018.02.10"]

1. e4 e6 2. d4 d5 3. exd5 exd5 4. Bd3 Nc6 5. c3 Bd6 6. Qf3 Nce7 7. Ne2 Nf6 8.
h3 h6 9. O-O Be6 10. Bf4 Qd7 11. Nd2 O-O-O 12. c4 dxc4 13. Bxc4 Bxc4 14. Nxc4
Bxf4 15. Qxf4 Ng6 16. Qf3 Rhe8 17. Rfd1 Qd5 18. Qxd5 Nxd5 19. Nc3 Ngf4 20. Kf1
Nb4 21. Rd2 f6 22. Rad1 c6 23. Ne3 Rd7 24. a3 Nbd5 25. Ncxd5 Nxd5 26. Nxd5 Rxd5
27. Re1 Kd7 28. Rxe8 Kxe8 29. Ke2 Ke7 30. Ke3 Ke6 31. g4 Rb5 32. b4 a5 33. bxa5
Rxa5 34. Rd3 Kd5 35. Rc3 b6 36. Kd3 Ra4 37. Ke3 Rc4 38. Rb3 b5 39. Rd3 g5 40.
f3 Rc1 41. f4 Rh1 42. fxg5 Rxh3+ 43. Ke2 Rxd3 44. gxf6 Rxa3 0-1

[Event "4NCL Division 4 South"]
[Site "Telford, ENG"]
[Date "2018.02.10"]
[Round "5.99"]
[White "Phillips, William"]
[Black "Angelopoulos, Nicos"]
[Result "1-0"]
[WhiteElo "1857"]
[BlackElo "1547"]
[PlyCount "25"]
[EventDate "2018.02.10"]

1. d4 Nf6 2. Nf3 d5 3. e3 Bf5 4. Bd3 Bxd3 5. Qxd3 e6 6. O-O Bd6 7. Nbd2 O-O 8.
e4 dxe4 9. Nxe4 Nbd7 10. Bg5 Be7 11. Rad1 Nxe4 12. Bxe7 Nxf2 13. Qa3 1-0